000 00788nam a2200229 4500
001 109254
003 ES-MaACL
005 20250824214302.0
007 t|
008 061121s1966 sp r ||||1| spa d
100 1 _aMüller-Freienfels, Richard.
_984148
245 1 0 _aTu alma y la ajena
_b: una psicología práctica para todos /
_cRichard Müller-Freienfels ; versión española de A. Vallejo Nágera.
250 _a2ª ed., 6ª reimp.
260 _aBarcelona :
_bLabor,
_c1966.
300 _aXI, 447 p., 32 lám. :
_bil. ;
_c22 cm.
490 1 _aLibros de hoy
650 0 7 _aPsicología
_2embne
_916540
700 1 _aVallejo Nágera, Antonio,
_d1889-1960
_9112854
830 1 0 _aLibros de hoy (Labor)
_9185588
852 _aES-MaACL
_jC-30707
999 _c109254
_d109254